A HR tevékenység hatása a szállodai dolgozók elégedettségére és hatékonyságára

Bibliographic Details
Main Author: Szabolcs Anna
Other Authors: Karakasné Morvay Dr. Klára
Format: Thesis
Kulcsszavak:emberi erőforrás menedzsment
Szálloda
Dolgozói elégedettség
Dolgozói hatékonyság
Online Access:http://dolgozattar.uni-bge.hu/4290

MARC

LEADER 00000nta a2200000 i 4500
001 dolg4290
005 20160204094819.0
008 151209suuuu hu om 000 hun d
040 |a BGE Dolgozattár Repozitórium  |b hun 
041 |a hu 
100 1 |a Szabolcs Anna 
245 1 2 |a A HR tevékenység hatása a szállodai dolgozók elégedettségére és hatékonyságára  |c Szabolcs Anna  |h [elektronikus dokumentum] 
695 |a emberi erőforrás menedzsment 
695 |a Szálloda 
695 |a Dolgozói elégedettség 
695 |a Dolgozói hatékonyság 
700 1 |a Karakasné Morvay Dr. Klára  |e ths 
856 4 0 |u http://dolgozattar.uni-bge.hu/4290/1/Szakdolgozat_Szabolcs%20Anna.pdf  |z Dokumentum-elérés